| 000 | 01028nam a2200277Ia 4500 | ||
|---|---|---|---|
| 001 | Para_9997 | ||
| 003 | CHAP | ||
| 008 | 220125sMayo xx 000 0 und d | ||
| 010 | _a208626 | ||
| 040 | _cCHAP | ||
| 090 | _aPA CD - TESIS 78 | ||
| 100 |
_aTrujillo Valenzuela, Oralia _9115423 |
||
| 245 |
_aEvaluación de efectividad biológica del producto benomilo para el control de la marchitez (Fusarium oxysporum) en agave azul en Jalisco / _c Oralia Trujillo Valenzuela; Director Santos Gerardo Leyva Mir |
||
| 260 |
_aChapingo, Méx. : _b el autor |
||
| 300 | _a1 CDS ROM (58 p.) | ||
| 502 | _aTesis (Ing. Agr. Esp. en Parasitología Agrícola). UACh. Departamento Parasitología Agrícola | ||
| 700 |
_aLeyva Mir, Santos Gerardo. Director _9171335 |
||
| 710 |
_aUACh. Departamento Parasitología Agrícola _9164025 |
||
| 901 | _aPA CD - TESIS 78 | ||
| 902 | _aM | ||
| 905 | _a513220Mayo, 2011 amn 8100000000 06 | ||
| 910 | _aMayo | ||
| 942 | _cPARA | ||
| 942 |
_cPARA _d2 |
||
| 999 |
_c208626 _d208626 |
||